The usefulness, and excellency of the charity of charity-schools : set forth in a sermon preach'd March 26th, 1714. Being Good-Friday. In the parish-church of St. Michael le Belfreys, in the city of York, ... By Charles Mace, ...

Bibliographic Details
Main Author: Mace, Charles, 1682 or 1683-1721
Format: eBook
Language:English
Series:Eighteenth century collections online.
Online Access:Full text online

MARC

Tag First Indicator Second Indicator Subfields
LEADER 00000cam a2200000 4500
001 in00001990708
006 m | d |
007 cr |n||||||||n
008 800219s1714 enk|||| s 00| ||eng d
005 20260406223733.6
035 |a (CStRLIN)ESTCT90416 
040 |a Uk-ES  |c Uk-ES  |d Cu-RivES  |d CStRLIN  |d Thomson Gale  |d UtOrBLW 
100 1 |a Mace, Charles,  |d 1682 or 1683-1721. 
245 1 4 |a The usefulness, and excellency of the charity of charity-schools :  |b set forth in a sermon preach'd March 26th, 1714. Being Good-Friday. In the parish-church of St. Michael le Belfreys, in the city of York, ... By Charles Mace, ... 
264 3 |a York :  |b printed by John White, for Francis Hildyard,  |c 1714. 
300 |a 15, 1 unnumbered page ;  |c 8⁰. 
336 |a text  |b txt  |2 rdacontent 
337 |a computer  |b c  |2 rdamedia 
338 |a online resource  |b cr  |2 rdacarrier 
500 |a Reproduction of original from the British Library. 
510 4 |a English Short Title Catalog,  |c ESTCT90416. 
533 |a Electronic reproduction.  |b Farmington Hills, Mich. :  |c Thomson Gale,  |d 2003.  |n Available via the World Wide Web.  |n Access limited by licensing agreements  |7 s2003 miunns 
500 |a Electronic resource. 
830 0 |a Eighteenth century collections online. 
856 4 0 |u http://proxy.library.tamu.edu/login?url=https://galenet.galegroup.com/servlet/ECCO?c=1&stp=Author&ste=11&af=BN&ae=T090416&tiPG=1&dd=0&dc=flc&docNum=CW121736326&vrsn=1.0&srchtp=a&d4=0.33&n=10&SU=0LRF&locID=txshracd2898  |z Full text online  |t 0 
999 |a MARS 
999 f f |s 43bbe22f-65d0-3e49-b4f2-0094e4910065  |i 2f1ed5a3-b451-3263-a58d-3c05b318edcc  |t 0 
952 f f |a Texas A&M University  |b College Station  |c Electronic Resources  |s www_evans  |d Available Online  |t 0  |h No information provided 
998 f f |t 0  |l Available Online